00492nam a22001217a 450000500170000000800410001704000240005811000510008224500780013326000810021130000310029265000470032320260327115021.0260327b ||||| |||| 00| 0 eng d aLCcUNZAdUNZAeRDA aMinistry of Home Affairs and Internal Secirity aNational Refugee Policy /cMinistry of Home Affairs and Internal Security aLusaka :bMinistry of Home Affairs and Internal Secirity,c Novermber, 2023. a24 pages :billustrations. aPolicyxNational refugee policy zZambia.